De materiis Tribunalium S. Inquisitionis, seu, De regulis multipilicibus pro formando quovis eorum Ministro, praesertim Consultore praemissis XIII prolegomenis de origine et progressu dictiorum Tribunalium, opus, tùm eorumdem, & quorum libet Tribunalium iudicibus, ac Ministris, tùm moralis theologiae, & iurisperitiae Professoribus valde vtile / avctore R.P. Sebastiano Salelles

Detalles Bibliográficos
Autor principal: Salelles, Sebastián (1576-1666)
Formato: Libro
Lenguaje:Undetermined
Latin
Publicado: Romae : ex typographia Jo. Petri Collini ; sumptibus Joannis Antonij Bertani, sub signo gryphi, 1651.
Materias:
Colección:Banco de datos
Acervo:Biblioteca Palafoxiana. Colección bibliográfica
Descripción Física:t. ; f°
Tema general:Inquisición
Notas:Ex libris manuscrito: "Del Collegio de San Ildefonso de la Puebla". Número de localización: t. 1 (13399) ; t. 2 (13400)
LEADER 01010nam a2200169Ia 4500
008 150723s9999 xx 000 0 und d
041 0 |a lat 
050 0 |a PAFX BX1710 S3 
100 1 |a Salelles, Sebastián (1576-1666) 
245 1 0 |a De materiis Tribunalium S. Inquisitionis, seu, De regulis multipilicibus pro formando quovis eorum Ministro, praesertim Consultore praemissis XIII prolegomenis de origine et progressu dictiorum Tribunalium, opus, tùm eorumdem, & quorum libet Tribunalium iudicibus, ac Ministris, tùm moralis theologiae, & iurisperitiae Professoribus valde vtile / avctore R.P. Sebastiano Salelles 
260 |a Romae : ex typographia Jo. Petri Collini ; sumptibus Joannis Antonij Bertani, sub signo gryphi, 1651. 
300 |a t. ; f° 
500 |a Ex libris manuscrito: "Del Collegio de San Ildefonso de la Puebla". Número de localización: t. 1 (13399) ; t. 2 (13400) 
650 1 0 |a Inquisición 
942 |c PALALIB 
943 |g Biblioteca Palafoxiana. Colección bibliográfica 
999 |c 1054849  |d 1054849